Vista normal
Vista MARC
Entrada Personal Name
Número de registros utilizados en: 1
001 - CONTROL NUMBER
- control field: 13548
003 - CONTROL NUMBER IDENTIFIER
- control field: OSt
005 - DATE AND TIME OF LATEST TRANSACTION
- control field: 20210217112644.0
008 - FIXED-LENGTH DATA ELEMENTS
- fixed length control field: 210217|| aca||aabn | a|a d
040 ## - CATALOGING SOURCE
- Original cataloging agency: OSt
- Transcribing agency: OSt
100 ## - HEADING--PERSONAL NAME
- Personal name: Alighieri, Dante,
- Dates associated with a name: 1265-1321
670 ## - SOURCE DATA FOUND
- Source citation: Work cat.: (OSt): Alighieri, Dante, 1265-1321 autor, la divina comedia / , 2008